Cabo Verde : First Review Under the Policy Coordination Instrument and Request for Modification of Targets.

This paper highlights Cabo Verde's First Review Under the Policy Coordination Instrument (PCI) and Request for Modification of Targets. Performance under the PCI-supported program has been strong. All reform targets were met, with some measures put in place ahead of schedule; and all end-Septem...

Fuld beskrivelse

Bibliografiske detaljer
Institution som forfatter: International Monetary Fund. African Dept
Format: Tidsskrift
Sprog:English
Udgivet: Washington, D.C. : International Monetary Fund, 2020.
Serier:IMF Staff Country Reports; Country Report ; No. 2020/135
Online adgang:Full text available on IMF
LEADER 02364cas a2200241 a 4500
001 AALejournalIMF020909
008 230101c9999 xx r poo 0 0eng d
020 |c 5.00 USD 
020 |z 9781513542225 
022 |a 1934-7685 
040 |a BD-DhAAL  |c BD-DhAAL 
110 2 |a International Monetary Fund.  |b African Dept. 
245 1 0 |a Cabo Verde :   |b First Review Under the Policy Coordination Instrument and Request for Modification of Targets. 
264 1 |a Washington, D.C. :  |b International Monetary Fund,  |c 2020. 
300 |a 1 online resource (63 pages) 
490 1 |a IMF Staff Country Reports 
500 |a <strong>Off-Campus Access:</strong> No User ID or Password Required 
500 |a <strong>On-Campus Access:</strong> No User ID or Password Required 
506 |a Electronic access restricted to authorized BRAC University faculty, staff and students 
520 3 |a This paper highlights Cabo Verde's First Review Under the Policy Coordination Instrument (PCI) and Request for Modification of Targets. Performance under the PCI-supported program has been strong. All reform targets were met, with some measures put in place ahead of schedule; and all end-September 2019 quantitative targets were met, except for the floor on tax revenue, missed by a narrow margin due to lower-than-projected taxes on international trade. Economic prospects for 2020 are clouded by the expected impact of coronavirus disease 2019 (COVID-19), resulting from the global economic downturn and travel restrictions which adversely affect tourism flows, foreign direct investment and remittances. Coordinated support from Cabo Verde's development partners will be needed to support the authorities' efforts in addressing the economic and social impact of COVID-19. The medium-term outlook remains positive although risks are tilted to the downside. Growth is expected to rebound in 2021 and return to the pre-COVID-19 medium-term trajectory of about 5 percent as the global economy recovers, and the authorities maintain their structural reform efforts to improve the business environment and build the economy's resilience to adverse shocks. 
538 |a Mode of access: Internet 
830 0 |a IMF Staff Country Reports; Country Report ;  |v No. 2020/135 
856 4 0 |z Full text available on IMF  |u http://elibrary.imf.org/view/journals/002/2020/135/002.2020.issue-135-en.xml  |z IMF e-Library